Southville International School and Colleges
Your cart is empty.
  • Cart
  • Lists
    Public lists Eva Luna New books Lux_list list_1
    Your lists Log in to create your own lists
  • Log in to your account
  • Your cookies
  • Search history
Southville International School and Colleges
  • Advanced search
  • Recent comments
  • Most popular
  • Libraries

Log in to your account

Log in with GOOGLE


If you do not have an external account, but do have a local account, you can still log in:

  1. Home
  2. MARC view: The adventures of Tom Sawyer /
Normal view MARC view ISBD view

The adventures of Tom Sawyer / (Record no. 110387)

[ view plain ]
MARC details
000 -LEADER
fixed length control field 00628nam a2200181 a 4500
001 - CONTROL NUMBER
control field 1457
005 - DATE AND TIME OF LATEST TRANSACTION
control field 20140414131855.0
008 - FIXED-LENGTH DATA ELEMENTS--GENERAL INFORMATION
fixed length control field 001111s19uu xx 00 eng d
050 ## - LIBRARY OF CONGRESS CALL NUMBER
Classification number M 813.4
Item number C59 1986
100 ## - MAIN ENTRY--PERSONAL NAME
Personal name Clemens, Samuel Langhorne, 1835-1910
245 ## - TITLE STATEMENT
Title The adventures of Tom Sawyer /
Statement of responsibility, etc Samuel Langhorne Clemens, Mark Twain ; adapted by Deidre S. Laiken ; illustrated by Pablo Marcos Studio.
260 ## - PUBLICATION, DISTRIBUTION, ETC. (IMPRINT)
Place of publication, distribution, etc New York :
Name of publisher, distributor, etc Baronet Books,
Date of publication, distribution, etc 1986.
300 ## - PHYSICAL DESCRIPTION
Extent 238 p. : ill. ; cm.
440 ## - SERIES STATEMENT/ADDED ENTRY--TITLE
Title Great illustrated classics
650 ## - SUBJECT ADDED ENTRY--TOPICAL TERM
Topical term or geographic name as entry element Adventures and adventurers - Fiction.
650 ## - SUBJECT ADDED ENTRY--TOPICAL TERM
Topical term or geographic name as entry element Mark Twain
Holdings
Withdrawn status Lost status Damaged status Use restrictions Home library Current library Shelving location Date acquired Source of acquisition Total Checkouts Full call number Barcode Date last seen Price effective from Koha item type
        Munich Library Munich Library Main Section 12/22/2004     M 813.4 C59 1986 M0780 04/14/2014 04/14/2014 Books

The adventures of Tom Sawyer /

APA

Clemens S. L. 1., . (1986). The adventures of Tom Sawyer. New York: Baronet Books.

Chicago

Clemens Samuel Langhorne 1835-1910, . 1986. The adventures of Tom Sawyer. New York: Baronet Books.

Harvard

Clemens S. L. 1., . (1986). The adventures of Tom Sawyer. New York: Baronet Books.

MLA

Clemens Samuel Langhorne 1835-1910, . The adventures of Tom Sawyer. New York: Baronet Books. 1986.

  • Place hold
  • Print
  • Cite
  • Add to your cart (remove)
  • Save record
    BIBTEX Dublin Core MARCXML MARC (non-Unicode/MARC-8) MARC (Unicode/UTF-8) MARC (Unicode/UTF-8, Standard) MODS (XML) RIS
  • More searches
    Search for this title in:
    Other Libraries (WorldCat) Other Databases (Google Scholar) Online Stores (Bookfinder.com) Open Library (openlibrary.org)

Exporting to Dublin Core...

SOUTHVILLE LIBRARY

Southville International School and Colleges Library

1281 Tropical Ave. Cor. Luxembourg St., BF Homes International, Las Pinas City

Tel. No. 8256374 / 252358 Loc. 117/146

Powered by Koha